|
|
|
|
| LEADER |
00000nam a2200000 a 4500 |
| 001 |
vtls001291096 |
| 003 |
SK-MaSNL |
| 005 |
20260302065853.0 |
| 008 |
240315s1997 xo r hun |
| 015 |
|
|
|a SNBA1997/1103390
|
| 020 |
|
|
|a 8008024429
|
| 035 |
|
|
|a SNK000242759
|
| 035 |
|
|
|a urn:nbn:sk:snk-amk5z4
|
| 035 |
|
|
|a urn:nbn:sk:snk-am004md3
|
| 035 |
|
|
|a C66F811A-0B39-4BA5-8586-C45CEA6DB979
|
| 040 |
|
|
|a SNK
|b slo
|c SNK
|e AACR2
|
| 041 |
0 |
|
|a hun
|
| 044 |
|
|
|a xo
|c SK
|
| 080 |
|
|
|a 809.451.1(075.2)
|2 1981
|
| 100 |
1 |
|
|a Nagy, Adorján
|4 aut
|9 20645
|
| 245 |
1 |
0 |
|a Magyar nyelv az alapiskola 7. osztálya számára
|c Nagy Adorján
|
| 246 |
1 |
0 |
|a Maďarský jazyk pre 7. ročník základnej školy s vyučovacím jazykom maďarským
|
| 260 |
|
|
|a Bratislava
|b Slovenské pedagogické nakladateľstvo
|c 1997
|
| 300 |
|
|
|a 68 s.
|c 21 cm
|
| 500 |
|
|
|a Tir. slov.
|
| 650 |
0 |
7 |
|a maďarčina
|x učebnice zákl. škôl (7. roč.) maď.
|2 SNK
|9 527308
|
| 655 |
|
7 |
|a učebnice
|2 SNK
|9 22521
|
| 919 |
|
|
|a 80-08-02442-9
|
| 958 |
|
|
|a TL
|
| 958 |
|
|
|a HU
|
| 958 |
|
|
|a UX
|
| 999 |
|
|
|c 1144276
|d 1146206
|
| 952 |
|
|
|t P60, <09>, [BOOK], {629}
|a SNK
|b SNK
|y NEVYP
|7 0
|o snkC 1487
|i snk2856/970623
|0 0
|1 0
|4 0
|d 1997-06-20
|l 0
|r 2005-01-02 00:00:00
|w 2026-02-24
|
| 952 |
|
|
|t P60, <03>, [BOOK], {603}
|a SNK
|b SNK
|y PREZ
|7 0
|p 17A0075953
|o snkSC 93556
|i snkKSP 6981/97
|0 0
|1 0
|4 0
|d 1997-07-02
|f 1
|l 0
|r 2025-09-11 00:00:00
|w 2026-02-24
|
| 952 |
|
|
|t P60, <04>, [BOOK], {604}
|a SNK
|b SNK
|y VYP
|7 0
|p 17A0075952
|o snkSC 93556 D1
|i snkKSP 6982/97
|0 0
|1 0
|4 0
|d 1997-07-02
|l 0
|r 2005-01-02 00:00:00
|w 2026-02-24
|